Marques de Café et cafetière - Mort Subite - Statistiques

Statistiques générales
  • Ce quiz a été pris 139 fois
  • Le résultat moyen est 6 sur 30
Answers on the Grid
Answers color-coded by a green-red scale on the quiz's grid according to % correct below.
Lavazza
Carte Noire
Illy
Nespresso
Senséo
Tassimo
L'OR
Gran Maestro
Kimbo
Segafredo
Starbucks
Bazzara
Mövenpick
Moka
Krups
Delonghi
Altezza
Fairtrade Original
Jacobs
Nescafé
Redbeans
TikTak
Pellini
Dallmayr
Musetti
Grand-Mère
Maxwell House
Folliet
Malongo
Ricoré
Arabica
Espresso
Cappucino
Latté
Kahlua
Coca-Cola
Le Grain
Tic Tac
Hajar
Baileys
Coffee Kingston
Twinings
Dammann
Lipton
Éléphant
Lotus
Ethiopia House
Torréfactice
 
Statistiques - réponses
Réponse % Correct
Nescafé
51%
Nespresso
51%
Starbucks
45%
L'OR
43%
Carte Noire
41%
Senséo
38%
Tassimo
36%
Delonghi
33%
Grand-Mère
33%
Lavazza
33%
Ricoré
26%
Krups
25%
Malongo
24%
Maxwell House
24%
Segafredo
18%
Illy
14%
Altezza
13%
Moka
11%
Musetti
7%
Fairtrade Original
5%
Dallmayr
4%
Jacobs
4%
Bazzara
3%
Gran Maestro
3%
Kimbo
3%
Redbeans
3%
TikTak
3%
Folliet
1%
Mövenpick
1%
Pellini
1%
Aucun quiz correspondant
Distribution des résultats
% des personnes avec chaque résultat
Percentile par nombre de réponses
Votre historique - résultats
Vous n’avez pas pris ce quiz